Oro incenso & birra (Record n. 101587)

Dettagli MARC
000 -LEADER
fixed length control field 01436njm a2200337Ia 4500
001 - CONTROL NUMBER
control field 80620
003 - CONTROL NUMBER IDENTIFIER
control field IT-RoPAU
005 - DATE AND TIME OF LATEST TRANSACTION
control field 20220918181145.0
008 - FIXED-LENGTH DATA ELEMENTS--GENERAL INFORMATION
fixed length control field 131025s9999 xx 000 0 und d
040 ## - CATALOGING SOURCE
Original cataloging agency IT-RoPAU
040 ## - CATALOGING SOURCE
Transcribing agency IT-RoPAU
041 ## - LANGUAGE CODE
Language code of text/sound track or separate title ITALIANO
999 ## - SYSTEM CONTROL NUMBERS (KOHA)
Koha Dewey Subclass [OBSOLETE] n.d.
100 ## - MAIN ENTRY--PERSONAL NAME
Personal name Fornaciari Zucchero
9 (RLIN) 23157
100 ## - MAIN ENTRY--PERSONAL NAME
Relator term Autore musica
9 (RLIN) 25839
100 ## - MAIN ENTRY--PERSONAL NAME
Miscellaneous information Codice autore musica SPICS: 10901
9 (RLIN) 23159
245 ## - TITLE STATEMENT
Title Oro incenso & birra
250 ## - EDITION STATEMENT
Edition statement 1a ed.
260 ## - PUBLICATION, DISTRIBUTION, ETC. (IMPRINT)
Place of publication, distribution, etc. ITALIA
260 ## - PUBLICATION, DISTRIBUTION, ETC. (IMPRINT)
Name of publisher, distributor, etc. POLYGRAM
Date of publication, distribution, etc. 1989 [1a Ed.:1989 - Ed. Lingua Orig.: 1989]
300 ## - PHYSICAL DESCRIPTION
Extent DISCO
300 ## - PHYSICAL DESCRIPTION
Dimensions 45 minuti (Testo: 0 pag.)
500 ## - GENERAL NOTE
General note Musica leggera. Canzone italiana. Cantautore. Il mare impetuoso al tramonto, salì sulla luna e dietro una tendina di stelle...
505 ## - FORMATTED CONTENTS NOTE
Formatted contents note Overdose (d'amore) - Nice (Nietzsche) che dice - Madre dolcissima - Diavolo in me - Iruben me - A Wonderful Worl - Diamante - Libera l'amore
650 ## - SUBJECT ADDED ENTRY--TOPICAL TERM
Topical term or geographic name as entry element CANTAUTORI [DISCHI]
Relator term Codice MATERIA SPICS: 9950
9 (RLIN) 25840
700 ## - ADDED ENTRY--PERSONAL NAME
Personal name Fornaciari Zucchero
Relator term Autore testo e musica
Miscellaneous information Codice autore testo/musica SPICS: 10901
9 (RLIN) 25841
700 ## - ADDED ENTRY--PERSONAL NAME
Personal name De Gregori Francesco
Relator term Autore testo/musica
Miscellaneous information Codice autore testo/musica SPICS: 1251
Name of part/section of a work Diamante
9 (RLIN) 25842
700 ## - ADDED ENTRY--PERSONAL NAME
Personal name Morricone Ennio
Relator term Autore musica
Miscellaneous information Codice autore musica SPICS: 3535
Name of part/section of a work Libera l'amore
9 (RLIN) 25843
700 ## - ADDED ENTRY--PERSONAL NAME
Personal name Fornaciari Zucchero
Miscellaneous information Codice interprete SPICS: 10901
Relator term Interprete
9 (RLIN) 25844
942 ## - ADDED ENTRY ELEMENTS (KOHA)
Koha item type DISCHI
Source of classification or shelving scheme Dewey Decimal Classification
Dati di copia
Withdrawn status Lost status Damaged status Not for loan Home library Current library Date acquired Total Checkouts Full call number Date last seen Price effective from Koha item type Public note
    Buone Condizioni Not For Loan SPICS-MEDIATECA SPICS-MEDIATECA 25/10/2013   80620 25/10/2013 25/10/2013 DISCHI Progr. Ins.: 19415 / N.Vol.: 1 / Copie: 1 - Copia rara: n.d. / date import: 01.01.2014 - By Epidotti, Trombetti, Vaglietti
CREDITS: SOCIETA' SAN PAOLO Via A.Severo, 58 - ROMA (RM) & PERIODICI SAN PAOLO SRL Via Giotto, 36 MILANO & CISF Via Giotto, 36 MILANO & EDIZIONI SAN PAOLO SRL,  Piazza Soncino, 5 CINISELLO BALSAMO (MI) -- ITALY